Bài tập ngôn ngữ lập trình Pascal với Turbo-Pascal Dùng chi học sinh phổ thông, sinh viên, kĩ sư

Gardado en:
Detalles Bibliográficos
Autor Principal: Quách Tuấn Ngọc
Formato: Libro
Idioma:Undetermined
Publicado: Hà Nội Giáo dục 1995
Những chủ đề:
Các nhãn: Engadir etiqueta
Sen Etiquetas, Sexa o primeiro en etiquetar este rexistro!
Thư viện lưu trữ: Trung tâm Học liệu Trường Đại học Cần Thơ
LEADER 00652nam a2200181Ia 4500
001 CTU_5072
008 210402s9999 xx 000 0 und d
082 |a 005.133076 
082 |b Ng419bt 
100 |a Quách Tuấn Ngọc 
245 0 |a Bài tập ngôn ngữ lập trình Pascal với Turbo-Pascal 
245 0 |b Dùng chi học sinh phổ thông, sinh viên, kĩ sư 
245 0 |c Quách Tuấn Ngọc 
260 |a Hà Nội 
260 |b Giáo dục 
260 |c 1995 
650 |a pascal ( computer programs ),programming languages ( electronic computers ) 
980 |a Trung tâm Học liệu Trường Đại học Cần Thơ